Tập hợp và logic số học
v.v...
Đã lưu trong:
| Tác giả chính: | |
|---|---|
| Định dạng: | Sách |
| Năm xuất bản: |
H.
Giáo dục
1998
|
| Chủ đề: | |
| Tags: |
Thêm thẻ
Không có thẻ, Hãy là người đầu tiên gắn thẻ bản ghi này!
|
| LEADER | 00966nam a2200217 4500 | ||
|---|---|---|---|
| 082 | |a 372.7 |b PH105H | ||
| 100 | |a Phan Hữu Chân | ||
| 245 | |a Tập hợp và logic số học |c Phan Hữu Chân | ||
| 260 | |a H. |b Giáo dục |c 1998 | ||
| 300 | |a 324 tr. |c 21 cm | ||
| 520 | |a v.v... | ||
| 653 | |a Toán học | ||
| 653 | |a Tập hợp | ||
| 653 | |a Số học | ||
| 653 | |a Logic toán | ||
| 653 | |a Giáo trình | ||
| 942 | |2 ddc |c STK0 | ||
| 999 | |c 6711 |d 6711 | ||
| 952 | |0 0 |1 0 |2 ddc |4 0 |6 372_700000000000000_PH105H |7 0 |8 500 |9 63263 |a qbu |b qbu |c D3 |d 2015-01-22 |g 13000 |l 1 |o 372.7 PH105H |p 2212.c1 |r 2017-01-09 |s 2017-01-09 |w 2015-01-22 |y STK0 | ||
| 952 | |0 0 |1 0 |2 ddc |4 0 |6 372_700000000000000_PH105H |7 0 |8 500 |9 63264 |a qbu |b qbu |c D3 |d 2015-01-22 |g 13000 |l 5 |m 1 |o 372.7 PH105H |p 2212.c2 |r 2020-02-04 |s 2020-01-17 |w 2015-01-22 |y STK0 | ||
| 952 | |0 0 |1 0 |2 ddc |4 0 |6 372_000000000000000_7PH105H |7 0 |8 500 |9 63265 |a qbu |b qbu |c D3 |d 2015-01-22 |g 13000 |l 7 |m 4 |o 372.7PH105H |p 2212.c3 |r 2020-01-07 |s 2019-12-24 |w 2015-01-22 |y STK0 | ||